Ochrana zájmů spotřebitelů jako součast koncepce společenského marketingu?

Problematika vzťahu spoločenského marketingu a ochrany záujmov spotrebiteľa. Základné dokumenty týkajúce sa ochrany spotrebiteľa ako v Európskej únii tak v Českej republike.

Gespeichert in:
Bibliographische Detailangaben
1. Verfasser: Sýkorová, Pavla
Weitere Verfasser: Starzyczná, Halina, Šustek, Emanuel
Format: Buchkapitel
Sprache:Tschechisch
Schlagworte:
Tags: Tag hinzufügen
Keine Tags, Fügen Sie das erste Tag hinzu!

MARC

LEADER 00000naa a2200000 4500
001 0150695
005 20231128131210.7
041 0 |a cze 
044 |a CZ 
245 1 0 |a Ochrana zájmů spotřebitelů jako součast koncepce společenského marketingu?  |c Pavla Sýkorová, Halina Starzyczná, Emanuel Šustek 
520 |a Problematika vzťahu spoločenského marketingu a ochrany záujmov spotrebiteľa. Základné dokumenty týkajúce sa ochrany spotrebiteľa ako v Európskej únii tak v Českej republike. 
610 2 0 |a ochrana spotrebiteľa 
610 2 0 |a Česko 
610 2 0 |a Európska únia 
610 2 0 |a legislatíva 
610 2 0 |a etika podnikateľská 
610 2 0 |a marketing spoločenský 
100 1 |a Sýkorová, Pavla 
700 1 |a Starzyczná, Halina 
700 1 |a Šustek, Emanuel